000 00975nam a2200277 a 4500
001 40865
003 BD-RjUL
005 20211209053304.0
008 160511s1984 caua b 001 0 eng
020 _a053403094
035 _a(BD-RjUL)40980
040 _beng
_aBD-RjUL
_cBD-RjUL
041 _aeng
082 0 0 _a361.610973
_223
_bPUB 1984
245 0 0 _aPublic policy and politics in America /
_cJames E. Anderson ... [et al.]
250 _a2nd ed.
260 _aMonterey, Calif. :
_bBrooks/Cole Pub. Co.,
_cc1984.
300 _axiv, 422 p. :
_bill. ;
_c24 cm.
500 _aRev. ed. of: Public policy and politics in America / James E. Anderson. c1978.
504 _aIncludes bibliographies and index.
650 0 _aPolitics and government.
_9125767
_zUnited States
700 1 _aAnderson, James E. ... [et al.]
_9125768
830 _aThe Brooks/Cole series on public policy
_9129729
942 _2ddc
_cBK
999 _c40865
_d40865